| 000 | 00698cam a2200253 a 4500 | ||
|---|---|---|---|
| 008 | |||
| 020 | _a186152904X (pbk.) | ||
| 049 | _aMAIN | ||
| 090 |
_aHF5657.4 _bACC |
||
| 245 | 1 | 0 |
_aAccounting for managers / _cJohn J. Glynn...[et.al.] |
| 250 | _a3rd ed. | ||
| 260 |
_aAustralia : _bThomson; _cc2003. |
||
| 300 |
_axiv, 683 p. : _bill. ; _c25 cm. |
||
| 500 | _aIncludes index. | ||
| 650 | 0 | _aAccounting. | |
| 650 | 0 | _aManagerial accounting. | |
| 653 | 0 | _aManagement accounting. | |
| 700 | _aGlynn, John J. | ||
| 907 |
_a.b10259879 _b15-07-09 _c03-02-09 |
||
| 003 | |||
| 005 | 20230123124925.0 | ||
| 040 | _cNUST | ||
| 942 |
_cBOOKS _kHF5657.4 _mACC |
||
| 999 |
_c132632 _d132632 |
||